000 00595nam a22002537a 4500
003 UA-OsUOA
001 22132
007 ta
008 20031217b un ||||| |||| 00| 0 ukr d
100 _aКухарський В.
090 _a1(477)
_bК95
942 _cBK
040 _aUA-OsUOA
_bukr
_cUA-OsUOA
_dUA-OsUOA
245 _aМісія України: спроба системного аналізу
300 _a94 с.
955 _a0
041 _aukr
080 _a1(477)
260 _aКиїв
_c1996
246 3 1 _aЧ.1
_n
044 _aUA
650 7 _2UDC
999 _c308346
_d308346